01828nam a2200481 i 450000100060000000300090000600500170001500800390003201500180007102000150008904000280010404500170013204600090014908000160015808000190017424502170019324600420041026000760045230000250052833600270055333700540058033800280063438000160066238000230067838800140070138800140071550000700072950400120079961000340081164800140084564800140085965100110087365500300088465800130091465800380092765000220096570000430098770000470103071000310107771000610110885600980116985600790126734407KOSZ 00520240405063103.0200608s1999 pl g f 001 0 pol aPB 2002/15604 a8387424773 aWA NcWA NdKOSZ 005/RW bd1928bd1939 k1999 a94(438).081 a351.746.1(438)00aPolskie formacje graniczne :bStraż Graniczna 1928-1939 : dokumenty organizacyjne : wybór źródeł.nT. 2 /cwstęp, wybór i opracowanie Marek Jabłonowski, Bogusław Polak ; Politechnika Koszalińska.14aPolskie formacje graniczne 1918-1939. aKoszalin :bWydawnictwo Uczelniane Politechniki Koszalińskiej,c1999. a222 strony ;c24 cm. aTekstbtxt2rdacontent aBez urządzenia pośredniczącegobn2rdamedia aWoluminbnc2rdacarrier aKsiążki aPublikacje naukowe a1901-2000 a1989-2000 aTytuł okładki i grzbietu: Polskie formacje graniczne 1918-1939. aIndeks.24aStraż Graniczna (1928-1939) 7a1901-2000 7a1918-1939 7aPolska 7aWydawnictwo źródłowe aHistoria aBezpieczeństwo i wojskowość 7aStraż graniczna1 aPolak, Bogusławd(1945-)eOpracowanie1 aJabłonowski, Marekd(1954- )eOpracowanie2 aPolitechnika Koszalińska2 aWydawnictwo Uczelniane (Politechnika Koszalińska)4pbl uhttp://koha.tu.koszalin.pl/cgi-bin/koha/opac-detail.pl?biblionumber=34407yKatalog online BPK uhttp://dlibra.tu.koszalin.pl/dlibra/docmetadata?id=612yBiblioteka Cyfrowa